000 01316cam a22003737a 4500
003 CHAP
005 20220817041341.0
008 971013s1986 r 00010 d
010 _a11907
011 _a12879
035 _a16616
040 _cCHAP
082 _a371
090 _aTesis
100 0 0 _aGonzález Mendoza, Luis.
_949172
245 0 _aAislamiento, identificación y patogenicidad de bacterias en quelite (Amaranthus hibridus L.) y posibilidades de uso en control biológico
260 _aChapingo, Méx. :
_bEl autor,
_c1986
300 _a43 h.
_b; gráfs.
502 _aTesis (Ing. Agr. Esp. en Parasitología Agrícola) -- UACH. Departamento de Parasitología Agrícola
590 _aALEPH
_b10
_c20130110
_lUCH01
_h1230
590 _aBATCH-UPD
_b10
_c20130110
_lUCH01
_h1459
590 _aBATCH-UPD
_b10
_c20130410
_lUCH01
_h0922
590 _aBATCH-UPD
_b10
_c20130914
_lUCH01
_h0517
590 _aBATCH-UPD
_b10
_c20130914
_lUCH01
_h2108
590 _aCONVERSION
_b10
_c20130109
_lUCH01
_h1308
650 1 4 _aBacterias patógenas.
_99328
650 1 4 _aControl biológico de malas hierbas.
_927584
650 1 4 _aErwinia.
_937355
650 1 4 _aQuelite.
901 _aBK
942 _cFOLL
949 _bBC
_cTES
_d-51667
_eTS1
_h18931
_i16616
_si
949 _bBC
_cTES
_d-51668
_eTS2
_fc.2
_h18953
_i16616
_si
999 _c11907
_d11907